Engineering electromagnetics / (Record no. 2956)

MARC details
000 -LEADER
fixed length control field 01910nac a22004335i 4500
003 - CONTROL NUMBER IDENTIFIER
control field EG-ScBUE
005 - DATE AND TIME OF LATEST TRANSACTION
control field 20250526092738.0
006 - FIXED-LENGTH DATA ELEMENTS--ADDITIONAL MATERIAL CHARACTERISTICS--GENERAL INFORMATION
fixed length control field a||||fq||z| 00| 0
008 - FIXED-LENGTH DATA ELEMENTS--GENERAL INFORMATION
fixed length control field 080907t2006 maua f b 001 0 eng d
020 ## - INTERNATIONAL STANDARD BOOK NUMBER
International Standard Book Number 0072524952 (acid-free paper)
020 ## - INTERNATIONAL STANDARD BOOK NUMBER
International Standard Book Number 0073104639 (pkg.)
020 ## - INTERNATIONAL STANDARD BOOK NUMBER
International Standard Book Number 0073080136 (CD-ROM)
020 ## - INTERNATIONAL STANDARD BOOK NUMBER
International Standard Book Number 0071244492
020 ## - INTERNATIONAL STANDARD BOOK NUMBER
International Standard Book Number 9780071244497
040 ## - CATALOGING SOURCE
Original cataloging agency EG-ScBUE
Language of cataloging eng
Description conventions rda
Transcribing agency EG-ScBUE
Modifying agency EG-ScBUE
082 04 - DEWEY DECIMAL CLASSIFICATION NUMBER
Classification number 530.141
Item number HAY
Edition number 22
100 1# - MAIN ENTRY--PERSONAL NAME
Personal name Hayt, William Hart,
9 (RLIN) 9162
Relator term author.
245 10 - TITLE STATEMENT
Title Engineering electromagnetics /
Statement of responsibility, etc William H. Hayt, Jr., late emeritus professor, Purdue University, John A. Buck, Georgia Institute of Technology.
246 30 - VARYING FORM OF TITLE
Title proper/short title Electromagnetics
250 ## - EDITION STATEMENT
Edition statement Seventh edition.
250 ## - EDITION STATEMENT
Edition statement International edition.
264 #1 - PUBLICATION, DISTRIBUTION, ETC. (IMPRINT)
Place of publication, distribution, etc Boston :
Name of publisher, distributor, etc McGraw-Hill Higher Education,
Date of publication, distribution, etc 2006.
300 ## - PHYSICAL DESCRIPTION
Extent xix, 582 pages :
Other physical details illustrations ;
Dimensions 24 cm +
Accompanying material 1 CD
336 ## - CONTENT TYPE
Source rdacontent
Content type term text
Content type code txt
336 ## - CONTENT TYPE
Source rdacontent
Content type term sounds
Content type code snd
337 ## - MEDIA TYPE
Media type term unmediated
Source rdamedia
Media type code n
337 ## - MEDIA TYPE
Media type term audio
Source rdamedia
Media type code s
338 ## - CARRIER TYPE
Carrier type term volume
Carrier type code nc
Source rdacarrier
338 ## - CARRIER TYPE
Carrier type term computer disc
Carrier type code cd
Source rdacarrier
500 ## - GENERAL NOTE
General note Includes Appendixes.
504 ## - BIBLIOGRAPHY, ETC. NOTE
Bibliography, etc Includes bibliographical references and index.<br/>
538 ## - SYSTEM DETAILS NOTE
System details note System requirements for accompanying CD-ROM: Windows, Pentium II, 64MB, Windows 98, Microsoft Internet Explorer 5.x or Netscape e4.7; Macintosh, Power Macintosh G3, 64MB, OS 9.x, Microsoft Internet Explorer 5.1 or Netscape 4.8.; browser plug-ins: Macromedia Flash player, Macromedia Shockwave player.
650 #7 - SUBJECT ADDED ENTRY--TOPICAL TERM
Topical term or geographic name as entry element Electromagnetic theory.
9 (RLIN) 9163
Source of heading or term BUEsh
655 ## - INDEX TERM--GENRE/FORM
Form subdivision Reading book
700 1# - ADDED ENTRY--PERSONAL NAME
Personal name Buck, John A.,
9 (RLIN) 9164
Relator term author.
856 42 - ELECTRONIC LOCATION AND ACCESS
Materials specified Publisher description
Uniform Resource Identifier <a href="http://www.loc.gov/catdir/enhancements/fy0618/2004060975-d.html">http://www.loc.gov/catdir/enhancements/fy0618/2004060975-d.html</a>
856 42 - ELECTRONIC LOCATION AND ACCESS
Materials specified Table of contents only
Uniform Resource Identifier <a href="http://www.loc.gov/catdir/enhancements/fy0618/2004060975-t.html">http://www.loc.gov/catdir/enhancements/fy0618/2004060975-t.html</a>
942 ## - ADDED ENTRY ELEMENTS (KOHA)
Koha item type Book - Borrowing
Source of classification or shelving scheme Dewey Decimal Classification
Holdings
Withdrawn status Lost status Source of classification or shelving scheme Damaged status Not for loan Collection code Home library Current library Shelving location Date acquired Source of acquisition Total Checkouts Total Renewals Full call number Barcode Date last seen Date checked out Price effective from Koha item type Materials specified (bound volume or other part) Checked out
    Dewey Decimal Classification     Baccah Central Library Central Library First floor 07/03/2013 Purchase 18 50 530.141 HAY 000001161 15/07/2025 13/03/2017 13/03/2007 Book - Borrowing    
            Central Library Central Library First floor 07/03/2013 Purchase 16 34 530.141 HAY 000001160 15/07/2025 07/05/2015 13/03/2007 Book - Borrowing    
    Dewey Decimal Classification     Baccah Central Library Central Library First floor 07/03/2013 Purchase 18 16 530.141 HAY 000001159 15/07/2025 01/03/2016 13/03/2007 Book - Borrowing    
    Dewey Decimal Classification       Central Library Central Library First floor 07/10/2016 Purchase 4 8 530.141 HAY 000006283 15/07/2025 21/04/2013   Book - Borrowing    
    Dewey Decimal Classification       Central Library Central Library First floor 13/03/2007 Purchase 1   530.141 HAY 000006787 24/08/2022 29/03/2012   CD | DVD - With book    
    Dewey Decimal Classification       Central Library Central Library First floor 13/03/2007 Purchase     530.141 HAY 000006824 24/08/2022     NB - Book (Non borrowing) Lost In Inventory_2017-8-25  
    Dewey Decimal Classification       Central Library Central Library First floor 13/03/2007 Purchase     530.141 HAY 000006841 24/08/2022     CD | DVD - With book    
    Dewey Decimal Classification       Central Library Central Library First floor 13/03/2007 Purchase     530.141 HAY 000006842 24/08/2022     CD | DVD - With book    
    Dewey Decimal Classification       Central Library Central Library First floor 13/03/2007 Purchase     530.141 HAY 000007798 24/08/2022     CD | DVD - With book    
    Dewey Decimal Classification       Central Library Central Library First floor 07/09/2008 Purchase 7 13 530.141 HAY 000013503 07/07/2015 07/07/2015 07/09/2008 Book - Borrowing   23/12/2023
    Dewey Decimal Classification       Central Library Central Library First floor 07/09/2008       530.141 HAY 000013504 24/08/2022   07/09/2008 CD | DVD - With book (NB)    
    Dewey Decimal Classification     Baccah Central Library Central Library First floor 05/11/2009   2   530.141 HAY 000006155 15/07/2025 21/04/2013 05/11/2009 NB - Book (Non borrowing)    
    Dewey Decimal Classification     Baccah Central Library Central Library First floor 05/11/2009   8 52 530.141 HAY 000018873 15/07/2025 11/11/2018 05/11/2009 Book - Borrowing    
    Dewey Decimal Classification     Baccah Central Library Central Library First floor 05/11/2009   5 30 530.141 HAY 000018872 15/07/2025 18/08/2020 05/11/2009 Book - Borrowing    
    Dewey Decimal Classification     Baccah Central Library Central Library First floor 05/11/2009   4 10 530.141 HAY 000018871 15/07/2025 09/02/2016 05/11/2009 Book - Borrowing    
    Dewey Decimal Classification     Baccah Central Library Central Library First floor 05/11/2009       530.141 HAY 000018870 24/08/2022   05/11/2009 CD | DVD - With book    
    Dewey Decimal Classification     Baccah Central Library Central Library First floor 05/11/2009   1   530.141 HAY 000018869 24/08/2022 20/04/2011 05/11/2009 CD | DVD - With book    
    Dewey Decimal Classification     Baccah Central Library Central Library First floor 05/11/2009       530.141 HAY 000018868 24/08/2022   05/11/2009 CD | DVD - With book